000 00784nam a22002897a 4500
001 00268
003 DO-SdBNP
005 20180124144019.0
007 00268
008 151207b 1996 sp 0| 0 spa d
020 _a
040 _aBPMSU
_bspa
_cBPMSU
041 _aspa
_h
092 _axxxxx
_bxxxxx
100 1 _aStine, R. L.,
_d1943-
240 _a
245 1 0 _aPesadillas :
_b los espantapájaros andan a medianoche /
_cR.L. Stine ; traducción Magdalena Ferrer.
260 _aBarcelona :
_bPrimera Plana,
_c1996.
300 _a139 p. ;
_c19 cm.
490 1 _aPesadillas
_v2
700 1 2 _aFerrer, Magdalena,
_dtr.
830 0 _aPesadillas
_v2
910 _a00260
942 _2ddc
_cBK
945 _aInventariado, 2018 /LP
956 _aVMATEO
_b10
_c20160818
_dBPMSU
_f00069
999 _c10936
_d10936